[Event "Let's Play Chess!"]
[Site "http://www.queenalice.com/game.php?id=115288"]
[Date "2006.10.10"]
[Round "-"]
[White "Girb"]
[Black "Ripper"]
[Result "1-0"]
[WhiteElo "1909"]
[BlackElo "1210"]

1. d4 d5 2. c4 dxc4 3. e3 Nf6 4. Bxc4 Nc6 5. Nf3 Bf5 6. Nc3 e6 7. O-O Bd6 8. Re1
Qe7 9. e4 Bg4 10. e5 Nxd4 11. Qxd4 Bc5 12. exf6 1-0

[Event "AUTO-INT-97"]
[Site "http://www.queenalice.com/game.php?id=115496"]
[Date "2006.10.10"]
[Round "3"]
[White "aesnihc"]
[Black "Girb"]
[Result "0-1"]
[WhiteElo "1880"]
[BlackElo "1918"]

1. e4 c6 2. c4 e5 3. b3 d5 4. exd5 Nf6 5. Nc3 Bc5 6. h3 O-O 7. Nf3 e4 8. Ng5 Re8
9. Be2 h6 10. Nxf7 Kxf7 11. O-O Bd4 12. Bb2 Kg8 13. Rb1 Bf5 14. Kh1 cxd5 15.
cxd5 a6 16. Nxe4 Bxb2 17. Rxb2 Bxe4 18. Bg4 Qxd5 19. f3 Bd3 0-1

[Event "AUTO-INT-97"]
[Site "http://www.queenalice.com/game.php?id=115497"]
[Date "2006.10.10"]
[Round "3"]
[White "Girb"]
[Black "aesnihc"]
[Result "1-0"]
[WhiteElo "1902"]
[BlackElo "1896"]

1. d4 d6 2. c4 g6 3. e4 e5 4. Nf3 Bg7 5. Be2 Nc6 6. Bg5 Nf6 7. d5 Ne7 8. Nc3 Bg4
9. O-O h6 10. Be3 a6 11. h3 Bd7 12. c5 dxc5 13. Bxc5 O-O 14. Rc1 b6 15. Be3 Kh7
16. Nxe5 Nxe4 17. Nxd7 Nxc3 18. Nxf8+ Bxf8 19. Rxc3 Bg7 20. Rc4 1-0

[Event "Challenge"]
[Site "http://www.queenalice.com/game.php?id=120995"]
[Date "2006.10.24"]
[Round "-"]
[White "johnrbrown"]
[Black "Girb"]
[Result "0-1"]
[WhiteElo "1716"]
[BlackElo "1893"]

1. e4 c6 2. d4 d5 3. Nc3 dxe4 4. f3 Nf6 5. fxe4 e5 6. dxe5 Qxd1+ 7. Kxd1 Ng4 8.
Nh3 Be6 9. Bf4 Nd7 10. Be2 Bb4 11. Bxg4 Bxg4+ 12. Kc1 Bxh3 13. gxh3 O-O-O 14. a3
Bxc3 15. bxc3 Nb6 16. Kb2 Na4+ 17. Kb3 Nc5+ 18. Kc4 Nxe4 19. Rhf1 f5 20. exf6
gxf6 21. h4 f5 22. Rad1 Rxd1 23. Rxd1 Rg8 24. Rd3 Rg4 25. Bc1 Nd2+ 26. Kc5 Kc7
27. Rd4 b6+ 0-1

[Event "Let's Play Chess!"]
[Site "http://www.queenalice.com/game.php?id=123209"]
[Date "2006.10.29"]
[Round "-"]
[White "Girb"]
[Black "ricardosf"]
[Result "1-0"]
[WhiteElo "1889"]
[BlackElo "877"]

1. d4 Nc6 2. c4 d6 3. Nc3 Nxd4 4. Qxd4 Qd7 5. Nf3 h5 6. Ng5 Rh6 7. Nxf7 c5 8.
Qd5 e6 9. Qf3 Rf6 10. Qxh5 g6 11. Nxd6+ Kd8 12. Qh8 Qxd6 13. Ne4 Qa6 14. Nxf6
Nxf6 15. Qxf8+ Ne8 16. Bg5+ Kc7 17. Qxc5+ Kb8 18. Bf4+ e5 19. Bxe5+ Nc7 20.
Qxc7# 1-0

[Event "Let's Play Chess!"]
[Site "http://www.queenalice.com/game.php?id=123809"]
[Date "2006.10.31"]
[Round "-"]
[White "Girb"]
[Black "CampbellMarcel"]
[Result "1-0"]
[WhiteElo "1883"]
[BlackElo "1510"]

1. d4 e6 2. c4 c5 3. Nf3 b6 4. g3 g6 5. Bg2 Bb7 6. d5 Nf6 7. Ne5 Bg7 8. Nxf7
Kxf7 9. dxe6+ dxe6 10. Qxd8 Rxd8 11. Bxb7 Nbd7 12. Bxa8 Rxa8 13. Nd2 Ng4 14. h3
Nxf2 15. Kxf2 Nf8 16. Ne4 Rd8 17. Rf1 Kg8 18. Bg5 Re8 19. Nf6+ Bxf6 20. Bxf6 Nd7
21. Ke3 Rf8 22. Bc3 Rd8 23. Rad1 a5 24. Bf6 1-0

[Event "Challenge"]
[Site "http://www.queenalice.com/game.php?id=139284"]
[Date "2006.12.10"]
[Round "-"]
[White "Constantino"]
[Black "Girb"]
[Result "0-1"]
[WhiteElo "1018"]
[BlackElo "1919"]

1. e4 c6 2. Bc4 d5 3. exd5 cxd5 4. Bd3 e5 5. Nc3 Nc6 6. Bb5 d4 7. Ne4 Qd5 8.
Bxc6+ bxc6 9. d3 f5 10. Ng5 Qxg2 11. N1f3 Qxh1+ 12. Kd2 Bb4+ 13. c3 dxc3+ 14.
Kc2 Qxd1+ 15. Kxd1 h6 16. Nh3 e4 17. dxe4 fxe4 18. Ne5 Bxh3 19. Nxc6 Bg4+ 20.
Kc2 cxb2 21. Bxb2 Rc8 22. Bxg7 Rxc6+ 23. Kb3 Rh7 24. Be5 Rb7 25. Rg1 Bd6+ 26.
Ka4 Ra6# 0-1

[Event "Let's Play Chess!"]
[Site "http://www.queenalice.com/game.php?id=154536"]
[Date "2007.1.16"]
[Round "-"]
[White "Girb"]
[Black "Baranduin"]
[Result "0-1"]
[WhiteElo "1948"]
[BlackElo "1625"]

1. d4 d5 2. c4 c6 3. Nf3 Nf6 4. Nc3 dxc4 5. e4 b5 6. e5 Nd5 7. a4 Nxc3 8. bxc3
a5 9. Be2 Bf5 10. O-O e6 11. Bg5 Be7 12. Bxe7 Qxe7 13. Ra2 O-O 14. Qa1 Qa7 15.
Qb2 Qa6 16. Rfa1 Nd7 17. axb5 cxb5 18. Rxa5 Qxa5 19. Rxa5 Rxa5 20. Ng5 Rfa8 21.
g4 Bg6 22. Kg2 Nb6 23. Bf3 Nd5 24. Bxd5 exd5 25. e6 fxe6 26. Nxe6 Be4+ 27. Kg3
h6 28. f3 Bd3 0-1

[Event "Challenge"]
[Site "http://www.queenalice.com/game.php?id=170488"]
[Date "2007.2.18"]
[Round "-"]
[White "brendo"]
[Black "Girb"]
[Result "1-0"]
[WhiteElo "1758"]
[BlackElo "1921"]

1. e4 c6 2. d4 d5 3. exd5 cxd5 4. Nf3 Nf6 5. Bd3 Bg4 6. c3 e6 7. Bf4 Bd6 8. Bxd6
Qxd6 9. Nbd2 O-O 10. Qc2 Nbd7 11. O-O h6 12. Rfe1 Bxf3 13. Nxf3 Rfc8 14. Ne5 Rc7
15. f4 Nxe5 16. fxe5 Qd8 17. exf6 Qxf6 18. Rf1 Qg5 19. Qf2 f5 20. Qf4 Qxf4 21.
Rxf4 g5 22. Rf3 g4 23. Re3 Re8 24. Bxf5 1-0

[Event "Let's Play Chess!"]
[Site "http://www.queenalice.com/game.php?id=181345"]
[Date "2007.3.13"]
[Round "-"]
[White "Girb"]
[Black "Aleqza"]
[Result "1-0"]
[WhiteElo "1921"]
[BlackElo "1348"]

1. d4 Nc6 2. c4 Nf6 3. d5 Ne5 4. e4 Nxe4 5. Qd4 Nxf2 6. Qxf2 Ng4 7. Qg3 Nf6 8.
Bf4 b5 9. Bxc7 Ne4 10. Qf4 g5 11. Qe5 f6 12. Qxe4 Qxc7 13. d6 Qxd6 14. Qxa8 Qe5+
15. Be2 Kd8 16. Qxa7 Qxb2 17. Qb6+ Ke8 18. Bh5# 1-0

[Event "AUTO-OPEN-389"]
[Site "http://www.queenalice.com/game.php?id=194223"]
[Date "2007.4.9"]
[Round "2"]
[White "Girb"]
[Black "alexp71"]
[Result "0-1"]
[WhiteElo "1865"]
[BlackElo "2050"]

1. d4 Nf6 2. c4 c5 3. d5 d6 4. Nc3 Bf5 5. Nf3 Ne4 6. Nxe4 Bxe4 7. e3 e6 8. Bd3
exd5 9. cxd5 Bxd5 10. O-O Be7 11. Bd2 O-O 12. Qc2 Bxf3 13. gxf3 g6 14. Bc3 d5
15. Rfd1 Qb6 16. Bd2 Nc6 17. Rac1 Bd6 18. f4 Rfe8 19. Bf1 d4 20. e4 Nb4 21. Bxb4
Qxb4 22. e5 Bc7 23. a3 Qb6 24. b4 Qe6 25. Qd3 b6 26. bxc5 bxc5 0-1

[Event "AUTO-OPEN-389"]
[Site "http://www.queenalice.com/game.php?id=194224"]
[Date "2007.4.9"]
[Round "2"]
[White "alexp71"]
[Black "Girb"]
[Result "1-0"]
[WhiteElo "2041"]
[BlackElo "1874"]

1. c4 c5 2. Nc3 d6 3. Nf3 Nf6 4. d4 cxd4 5. Nxd4 e5 6. Nf3 Nc6 7. e4 Be7 8. Be2
O-O 9. O-O Be6 10. Qc2 Nd7 11. Be3 f5 12. exf5 Bxf5 13. Qb3 Nc5 14. Bxc5 dxc5
15. Qxb7 Qb6 16. Qxb6 axb6 17. a3 Bf6 18. Nd5 e4 19. Nxf6+ Rxf6 20. Nd2 Rd8 21.
Nb3 Nd4 22. Bd1 Nxb3 23. Bxb3 Rd2 24. h3 e3 25. fxe3 Be4 26. Rxf6 1-0

[Event "Challenge"]
[Site "http://www.queenalice.com/game.php?id=196235"]
[Date "2007.4.13"]
[Round "-"]
[White "REUSKING"]
[Black "Girb"]
[Result "1-0"]
[WhiteElo "1930"]
[BlackElo "1899"]

1. e4 c5 2. Nf3 d6 3. d4 Nc6 4. dxc5 Bf5 5. exf5 dxc5 6. Qxd8+ Rxd8 7. Bb5 a6 8.
Bxc6+ bxc6 9. O-O g6 10. Be3 Bg7 11. Nc3 gxf5 12. Bxc5 Nf6 13. Rad1 Nd7 14. Be3
e6 15. Nd4 c5 16. Nf3 Bxc3 17. bxc3 Ke7 18. Rb1 Rb8 19. Rb3 f6 20. Rfb1 Kd6 21.
Rxb8 Rxb8 22. Rxb8 Nxb8 23. c4 Nd7 24. Kf1 Nb6 25. Nd2 Kc6 26. Ke2 Na4 27. Nb3
e5 28. Bh6 Nb6 29. Kd3 e4+ 30. Ke3 Nxc4+ 31. Kf4 Na3 32. Kxf5 Nxc2 33. Kxe4 Nb4
34. Bf8 Nxa2 35. Nxc5 Nc3+ 36. Kf5 a5 37. Ne4 Nxe4 38. Kxe4 1-0

[Event "BOARD 2,DIV D."]
[Site "http://www.queenalice.com/game.php?id=302782"]
[Date "2007.11.12"]
[Round "1"]
[White "Girb"]
[Black "xico"]
[Result "0-1"]
[WhiteElo "1871"]
[BlackElo "1931"]

1. d4 Nf6 2. c4 e6 3. Nf3 Bb4+ 4. Bd2 Bxd2+ 5. Nbxd2 d5 6. e3 O-O 7. Be2 Nbd7 8.
Qc2 dxc4 9. Nxc4 b6 10. Rd1 Bb7 11. O-O Rc8 12. Nfe5 Qe7 13. Nxd7 Nxd7 14. Bd3
h6 15. Bh7+ Kh8 16. Be4 Bd5 17. Ne5 Nxe5 18. dxe5 Bxe4 19. Qxe4 c5 20. Rd6 Rfd8
21. Rfd1 Rxd6 22. exd6 Rd8 23. Qd3 Qb7 24. e4 f6 25. f4 Kg8 26. e5 fxe5 27. fxe5
Qd7 28. b3 Rf8 29. Rf1 Rxf1+ 30. Qxf1 Qf7 31. Qxf7+ Kxf7 32. a4 a6 0-1

[Event "Challenge"]
[Site "http://www.queenalice.com/game.php?id=341921"]
[Date "2008.1.24"]
[Round "-"]
[White "Girb"]
[Black "Nyvang"]
[Result "1-0"]
[WhiteElo "1856"]
[BlackElo "1837"]

1. d4 g6 2. c4 Bg7 3. e4 b6 4. Nf3 d6 5. Nc3 Nc6 6. Be2 Bg4 7. Be3 e5 8. d5 Bxf3
9. Bxf3 Na5 10. h4 Nxc4 11. Qa4+ Qd7 12. Qxc4 h5 13. Bd1 c6 14. Ba4 Ne7 15. dxc6
Qc7 16. Nb5 Qc8 17. Nxd6+ 1-0

[Event "Challenge"]
[Site "http://www.queenalice.com/game.php?id=358010"]
[Date "2008.2.20"]
[Round "-"]
[White "Girb"]
[Black "Papageno"]
[Result "0-1"]
[WhiteElo "1871"]
[BlackElo "1840"]

1. d4 d5 2. c4 c6 3. Nf3 Bg4 4. cxd5 Bxf3 5. exf3 cxd5 6. Qb3 Qc7 7. Bb5+ Nd7 8.
O-O e6 9. Bf4 Bd6 10. Rc1 Qb6 11. Bxd7+ Kxd7 12. Qa4+ Ke7 13. Bxd6+ Kxd6 14. Rc5
Qxb2 15. Rc2 Qxa1 0-1